| 000 | 00675nam a2200229Ia 4500 | ||
|---|---|---|---|
| 008 | 160404s9999 xx 000 0 und d | ||
| 020 | _a978-0-470-81759-9 | ||
| 050 | _aFIL HF 5616 | ||
| 050 | _b.A45 2007 c.1 | ||
| 100 | _aAlindada, Carlos. | ||
| 245 | _aIntermediate accounting : | ||
| 245 | _bapplying international financial reporting standards / | ||
| 245 | _cCarlos Alindada, Ester Ledesma, Ma. Concepcion Y. Lupisan. | ||
| 260 | _aAustralia : | ||
| 260 | _bJohn Wiley and Sons Australia Ltd., | ||
| 260 | _c2007 | ||
| 300 | _a674 pages : | ||
| 300 | _bcolor illustrations. ; | ||
| 300 | _c26 cm. | ||
| 500 | _aIncludes index. | ||
| 650 | _aAccounting. | ||
| 999 |
_c293224 _d293224 |
||